[Event "2nd Porticcio Open 2015"]
[Site "Grosseto-Prugna FRA"]
[Date "2015.06.27"]
[Round "1.3"]
[White "Laznicka, Viktor"]
[Black "Podvin, Celine"]
[Result "1-0"]
[WhiteTitle "GM"]
[WhiteElo "2657"]
[BlackElo "1574"]
[WhiteFideId "316385"]
[BlackFideId "26060990"]
[EventDate "2015.06.27"]

1. e4 d5 2. exd5 Nf6 3. d4 Nxd5 4. c4 Nf6 5. Nc3 e6 6. Nf3 b6 7. Bd3 Bb7 8. O-O
Be7 9. Bg5 h6 10. Bh4 O-O 11. Bc2 Nbd7 12. Qd3 Bxf3 13. Qxf3 c5 14. Rad1 cxd4
15. Rxd4 Qc7 16. Rfd1 Ne5 17. Qe2 Nc6 18. R4d2 Rfd8 19. Bg3 Rxd2 20. Rxd2 Qb7
21. Ne4 Nb4 22. Nxf6+ Bxf6 23. Be4 Nc6 24. b4 Rc8 25. b5 Nd4 26. Rxd4 Qe7 27.
Rd1 Qc5 28. Bc6 Bd4 29. Bh4 Rc7 30. Qg4 1-0

[Event "2nd Porticcio Open 2015"]
[Site "Grosseto-Prugna FRA"]
[Date "2015.06.27"]
[Round "1.4"]
[White "Morel, Anthony"]
[Black "Areshchenko, Alexander"]
[Result "0-1"]
[BlackTitle "GM"]
[WhiteElo "1573"]
[BlackElo "2656"]
[WhiteFideId "26075601"]
[BlackFideId "14109530"]
[EventDate "2015.06.27"]

1. e4 c5 2. Nf3 e6 3. d4 cxd4 4. Nxd4 a6 5. Nc3 Qc7 6. Be3 Bb4 7. Qd3 Nf6 8.
O-O-O Ng4 9. Nf3 Nc6 10. Kb1 O-O 11. h3 Nxe3 12. Qxe3 d6 13. Nd4 Bc5 14. Nxe6
fxe6 0-1

[Event "2nd Porticcio Open 2015"]
[Site "Grosseto-Prugna FRA"]
[Date "2015.06.27"]
[Round "1.5"]
[White "Fedorchuk, Sergey A."]
[Black "Nonna, Jean-Francois"]
[Result "1/2-1/2"]
[WhiteTitle "GM"]
[WhiteElo "2647"]
[BlackElo "1572"]
[WhiteFideId "14102536"]
[BlackFideId "36042463"]
[EventDate "2015.06.27"]

1. e4 e5 2. Nf3 Nc6 3. Bb5 a6 4. Ba4 Nf6 5. d3 b5 6. Bb3 Be7 7. Nc3 Bb7 8. Bd2
d6 9. a4 b4 10. Nd5 a5 11. c3 Ba6 12. Nxf6+ Bxf6 13. Bd5 Qd7 14. cxb4 axb4 15.
Rc1 Bb7 16. O-O O-O 17. Rc4 Na5 18. Rxb4 Bxd5 19. exd5 Bd8 20. Rb5 c6 21. dxc6
Qxc6 22. Qc1 Qa6 23. Qc3 Re8 24. Rc1 Re7 25. Rxa5 Qxa5 26. Qxa5 1/2-1/2

[Event "2nd Porticcio Open 2015"]
[Site "Grosseto-Prugna FRA"]
[Date "2015.06.27"]
[Round "1.6"]
[White "Porsia, Enzo"]
[Black "Socko, Bartosz"]
[Result "0-1"]
[BlackTitle "GM"]
[WhiteElo "1566"]
[BlackElo "2624"]
[WhiteFideId "26024217"]
[BlackFideId "1107038"]
[EventDate "2015.06.27"]

1. e4 c5 2. Nf3 Nc6 3. d4 cxd4 4. Nxd4 e6 5. Nc3 a6 6. Be3 Nf6 7. f3 Bb4 8. Nxc6
bxc6 9. Bc4 d5 10. exd5 cxd5 11. Bb3 O-O 12. O-O Bxc3 13. bxc3 a5 14. a4 Qc7 15.
Qd2 Ba6 16. Rfe1 Rfe8 17. Bg5 Nd7 18. Bf4 Qc6 19. Re3 Rec8 20. Rae1 Bc4 21. Qd4
Qb6 22. Qxb6 Nxb6 23. Ra1 Nd7 24. Bg3 0-1

[Event "2nd Porticcio Open 2015"]
[Site "Grosseto-Prugna FRA"]
[Date "2015.06.27"]
[Round "1.7"]
[White "Sethuraman, S.P."]
[Black "Laban Giuliani, Lisandru"]
[Result "1-0"]
[WhiteTitle "GM"]
[WhiteElo "2623"]
[BlackElo "1557"]
[WhiteFideId "5021596"]
[BlackFideId "26081210"]
[EventDate "2015.06.27"]

1. e4 g6 2. d4 Bg7 3. Nc3 c6 4. Bc4 d6 5. Nf3 Nf6 6. Bf4 O-O 7. Qd2 d5 8. exd5
cxd5 9. Bd3 Nc6 10. a3 Re8 11. O-O-O Bg4 12. Be2 Rc8 13. h3 Bxf3 14. Bxf3 Na5
15. Kb1 Nc4 16. Qc1 Nxa3+ 17. bxa3 Rxc3 18. Qb2 Rc6 19. Ka2 Qa5 20. Rd3 Ne4 21.
Bxe4 dxe4 22. Rb3 Qd5 23. c3 Rec8 24. Ka1 Rxc3 25. Rxb7 Qxd4 26. Rb8 Rxa3+ 1-0

[Event "2nd Porticcio Open 2015"]
[Site "Grosseto-Prugna FRA"]
[Date "2015.06.27"]
[Round "1.8"]
[White "Porsia, Pietro"]
[Black "Iordachescu, Viorel"]
[Result "0-1"]
[BlackTitle "GM"]
[WhiteElo "1544"]
[BlackElo "2588"]
[WhiteFideId "26024225"]
[BlackFideId "13900200"]
[EventDate "2015.06.27"]

1. d4 d5 2. c4 e6 3. Nf3 Nc6 4. Nc3 Nf6 5. Bg5 Be7 6. e3 h6 7. Bh4 O-O 8. a3 b6
9. Bd3 dxc4 10. Bxc4 Nd5 11. Bg3 Nxc3 12. bxc3 Bb7 13. O-O Re8 14. Bb5 a6 15.
Ba4 b5 16. Bc2 Bf6 17. a4 e5 18. axb5 axb5 19. Qd3 g6 20. Qxb5 Qc8 21. Be4 Re6
22. d5 0-1

[Event "2nd Porticcio Open 2015"]
[Site "Grosseto-Prugna FRA"]
[Date "2015.06.28"]
[Round "2.3"]
[White "Podvin, Antoine"]
[Black "Laznicka, Viktor"]
[Result "0-1"]
[BlackTitle "GM"]
[WhiteElo "1856"]
[BlackElo "2657"]
[WhiteFideId "26060981"]
[BlackFideId "316385"]
[EventDate "2015.06.27"]

1. d4 Nf6 2. c4 e6 3. Nc3 Bb4 4. Qc2 O-O 5. Bg5 c5 6. e3 d5 7. Nf3 cxd4 8. exd4
Nc6 9. Rd1 h6 10. Bh4 b6 11. Bd3 Be7 12. a3 dxc4 13. Bxc4 Na5 14. Ba2 Bb7 15.
O-O Rc8 16. Rfe1 Bxf3 17. gxf3 Nd5 18. Bb1 f5 19. Bxe7 Qxe7 20. Kh1 Nxc3 21.
bxc3 Qxa3 22. Rd3 Rf6 23. Rde3 Qd6 24. Ba2 Nc4 25. Bxc4 Rxc4 26. Qa2 Qc6 27.
Qxa7 Rxc3 28. d5 Rxe3 29. dxc6 Rxe1+ 30. Kg2 Rc1 31. c7 b5 32. Qb7 Rf8 33. Qb6
Kh7 34. Qb8 Rg8 35. Qb6 Rf8 36. Qb8 Kg8 37. Qb6 Kh8 38. Qb8 Rg8 39. Kg3 Rc4 40.
h4 b4 41. h5 e5 42. Qb7 e4 43. Kf4 exf3+ 44. Ke5 b3 45. Qxb3 Rxc7 46. Qxf3 Re8+
47. Kd6 Rf7 48. Qb3 Rf6+ 49. Kd5 Re4 50. f3 Rh4 51. Qb8+ Kh7 52. Qe8 Rh3 53. f4
Rd3+ 54. Kc4 Rf3 55. Qe5 Rh3 56. Qe8 Rh4 57. Qe3 Rxh5 58. Kd3 Rh4 59. Ke2 Rh2+
60. Kf1 Rc6 61. Kg1 Ra2 62. Kh1 Rcc2 63. Qe1 Rh2+ 64. Kg1 Rag2+ 65. Kf1 Rh1+ 66.
Kxg2 Rxe1 0-1

[Event "2nd Porticcio Open 2015"]
[Site "Grosseto-Prugna FRA"]
[Date "2015.06.28"]
[Round "2.4"]
[White "Areshchenko, Alexander"]
[Black "Bunoust, Lucas"]
[Result "1-0"]
[WhiteTitle "GM"]
[WhiteElo "2656"]
[BlackElo "1823"]
[WhiteFideId "14109530"]
[BlackFideId "26043025"]
[EventDate "2015.06.27"]

1. e4 c5 2. Nf3 e6 3. d4 cxd4 4. Nxd4 a6 5. Nc3 b5 6. Bd3 Qb6 7. Nf3 Qc7 8. O-O
Bb7 9. Ne2 d6 10. a4 b4 11. Bd2 Nf6 12. Ng3 d5 13. Qe2 Be7 14. c3 Nc6 15. cxb4
Nxb4 16. e5 Nd7 17. Rac1 Qb6 18. Bb1 O-O 19. Ng5 Bxg5 20. Bxg5 Rfc8 21. Rcd1 a5
22. Qh5 Nf8 23. Be3 Qc6 24. Rd4 Ng6 25. Rh4 Nxh4 26. Qxh7+ Kf8 27. Bg5 Ng6 28.
Nh5 1-0

[Event "2nd Porticcio Open 2015"]
[Site "Grosseto-Prugna FRA"]
[Date "2015.06.28"]
[Round "2.5"]
[White "Pillot, Antoine"]
[Black "Fedorchuk, Sergey A."]
[Result "0-1"]
[BlackTitle "GM"]
[WhiteElo "1800"]
[BlackElo "2647"]
[WhiteFideId "652903"]
[BlackFideId "14102536"]
[EventDate "2015.06.27"]

1. e4 c5 2. Nc3 a6 3. g3 b5 4. f4 Bb7 5. Bg2 e6 6. d3 d5 7. exd5 Nf6 8. Ne4 Nxd5
9. Nf3 Be7 10. O-O O-O 11. Qe2 Nc6 12. Bd2 Rc8 13. Qf2 Ncb4 14. Rfc1 c4 15. a3
Nc6 16. d4 Qb6 17. c3 Na5 18. Re1 Nb3 19. Rad1 a5 20. Ne5 Rc7 21. f5 Nxd2 22.
Rxd2 f6 23. Ng6 hxg6 24. fxg6 f5 0-1

[Event "2nd Porticcio Open 2015"]
[Site "Grosseto-Prugna FRA"]
[Date "2015.06.28"]
[Round "2.6"]
[White "Socko, Bartosz"]
[Black "Brunel, Axel"]
[Result "1-0"]
[WhiteTitle "GM"]
[WhiteElo "2624"]
[BlackElo "1796"]
[WhiteFideId "1107038"]
[BlackFideId "26025019"]
[EventDate "2015.06.27"]

1. c4 Nf6 2. Nc3 g6 3. g3 Bg7 4. Bg2 d6 5. Nf3 O-O 6. O-O c6 7. d3 e5 8. Rb1 a5
9. a3 Bg4 10. b4 axb4 11. axb4 Nbd7 12. h3 Bxf3 13. Bxf3 Qc7 14. Bg2 Rfe8 15.
Bb2 Nh5 16. Bf3 Nhf6 17. Qb3 Rab8 18. Ra1 Ra8 19. e3 Qb6 20. Na4 Qc7 21. Bg2 Nb6
22. Nc3 Nfd7 23. Rac1 Qd8 24. Rfd1 Qe7 25. c5 dxc5 26. bxc5 Qxc5 27. Nd5 Qa5 28.
Nc7 Rac8 29. Nxe8 Rxe8 30. Ra1 Qc5 31. Ba3 Qa5 32. Bb4 Qb5 33. Ra5 Nc5 34. Rxb5
Nxb3 35. Rxb6 1-0

[Event "2nd Porticcio Open 2015"]
[Site "Grosseto-Prugna FRA"]
[Date "2015.06.28"]
[Round "2.7"]
[White "Iordachescu, Viorel"]
[Black "Morison, Julien"]
[Result "1-0"]
[WhiteTitle "GM"]
[WhiteElo "2588"]
[BlackElo "1781"]
[WhiteFideId "13900200"]
[BlackFideId "26037505"]
[EventDate "2015.06.27"]

1. e4 e5 2. Nf3 Nc6 3. Bb5 Bc5 4. O-O Nd4 5. Nxd4 Bxd4 6. c3 Bb6 7. Qh5 Qf6 8.
d3 c6 9. Bc4 d6 10. Be3 Be6 11. Nd2 h6 12. a4 Ne7 13. a5 Bc7 14. f4 d5 15. fxe5
Qxe5 16. Qxe5 Bxe5 17. exd5 Nxd5 18. Bc5 Kd7 19. Nb3 b5 20. axb6 axb6 21. Bf2
Bc7 22. Nd4 Nf4 23. Nxe6 Nxe6 24. Rae1 Rhf8 25. d4 b5 26. Bd3 f5 27. Bh4 f4 28.
d5 cxd5 29. Bxb5+ Kd6 30. Re2 g5 31. Bf2 Rab8 32. c4 f3 33. Rd2 Nf4 34. gxf3 Ba5
35. Rc2 Nh3+ 36. Kg2 Nxf2 37. Rcxf2 d4 38. Re2 d3 39. c5+ Kxc5 40. Bxd3 Rb3 41.
Rc2+ Kd4 42. Bc4 Re3 43. Rd1+ Kc5 44. Rd5+ 1-0

[Event "2nd Porticcio Open 2015"]
[Site "Grosseto-Prugna FRA"]
[Date "2015.06.28"]
[Round "2.8"]
[White "Bouslimi, Nabil"]
[Black "Sethuraman, S.P."]
[Result "0-1"]
[BlackTitle "GM"]
[WhiteElo "1797"]
[BlackElo "2623"]
[WhiteFideId "26043017"]
[BlackFideId "5021596"]
[EventDate "2015.06.27"]

1. d4 Nf6 2. c4 b6 3. Nc3 Bb7 4. Nf3 e6 5. Bg5 Bb4 6. Qc2 h6 7. Bxf6 Qxf6 8. a3
Bxc3+ 9. Qxc3 O-O 10. e3 Bxf3 11. gxf3 Qxf3 12. Rg1 Qf6 13. Bg2 c6 14. O-O-O d5
15. cxd5 cxd5 16. Kb1 Nd7 17. Qc6 Rfd8 18. Ka1 Rac8 19. Qd6 Rc2 20. Bh3 Nc5 21.
Qg3 Ne4 22. Qg2 Rxf2 23. Qh1 Qf3 24. Bg2 Qe2 0-1

[Event "2nd Porticcio Open 2015"]
[Site "Grosseto-Prugna FRA"]
[Date "2015.06.28"]
[Round "3.3"]
[White "Laznicka, Viktor"]
[Black "Calistri, Tristan"]
[Result "1/2-1/2"]
[WhiteTitle "GM"]
[BlackTitle "IM"]
[WhiteElo "2657"]
[BlackElo "2312"]
[WhiteFideId "316385"]
[BlackFideId "607843"]
[EventDate "2015.06.27"]

1. Nf3 Nf6 2. g3 g6 3. Bg2 Bg7 4. O-O O-O 5. c4 d6 6. Nc3 a6 7. b4 e5 8. a4 Re8
9. Ba3 Nc6 10. Rc1 Nd4 11. Ne1 c6 12. e3 Nf5 13. e4 Nd4 14. Nc2 Bg4 15. f3 Nxc2
16. Qxc2 Be6 17. d3 d5 18. c5 a5 19. b5 h5 20. Rb1 h4 21. Rfd1 hxg3 22. hxg3 Bh6
23. Bc1 Bxc1 24. Rdxc1 d4 25. Ne2 Nd7 26. bxc6 bxc6 27. f4 Bg4 28. Kf2 Bxe2 29.
Kxe2 exf4 30. gxf4 Qh4 31. Qd2 Nf6 32. Rh1 Qg3 33. Kf1 Ng4 34. Kg1 Rab8 35. Rb6
Ne3 36. Qf2 Qg4 37. Rh4 Qd1+ 38. Bf1 Rxb6 39. cxb6 Rb8 40. f5 g5 41. Rh3 Rxb6
42. Rf3 g4 43. Rxe3 dxe3 44. Qxe3 Rb1 45. Qg5+ Kf8 46. Qd8+ Kg7 47. Qg5+ Kf8 48.
Qd8+ Kg7 49. Qg5+ Kf8 50. Qd8+ Kg7 51. Qg5+ Kf8 52. Qd8+ Kg7 1/2-1/2

[Event "2nd Porticcio Open 2015"]
[Site "Grosseto-Prugna FRA"]
[Date "2015.06.28"]
[Round "3.5"]
[White "Fedorchuk, Sergey A."]
[Black "Malassagne, Raphael"]
[Result "1-0"]
[WhiteTitle "GM"]
[WhiteElo "2647"]
[BlackElo "2185"]
[WhiteFideId "14102536"]
[BlackFideId "20666276"]
[EventDate "2015.06.27"]

1. e4 c6 2. Nc3 d5 3. Nf3 Bg4 4. h3 Bh5 5. exd5 cxd5 6. g4 Bg6 7. Ne5 Nc6 8. Bb5
Rc8 9. d4 e6 10. h4 f6 11. Bxc6+ bxc6 12. Nxg6 hxg6 13. Qd3 Kf7 14. Ne2 Qa5+ 15.
c3 Qb5 16. Qc2 Bd6 17. Bf4 Bb8 18. O-O-O Ne7 19. Rde1 c5 20. Bxb8 Rxb8 21. h5
gxh5 22. gxh5 Rb6 23. dxc5 Qxc5 24. Nf4 Rhb8 25. Nd3 Qc4 26. h6 g5 27. f4 g4 28.
Rh4 g3 29. Qe2 Qxa2 30. Nb4 Qa1+ 31. Kc2 Qa4+ 32. b3 Qa5 33. Qh5+ Ng6 1-0

[Event "2nd Porticcio Open 2015"]
[Site "Grosseto-Prugna FRA"]
[Date "2015.06.28"]
[Round "3.6"]
[White "Burbidge, Duncan R"]
[Black "Socko, Bartosz"]
[Result "0-1"]
[BlackTitle "GM"]
[WhiteElo "2048"]
[BlackElo "2624"]
[WhiteFideId "412198"]
[BlackFideId "1107038"]
[EventDate "2015.06.27"]

1. e4 c6 2. d4 d5 3. exd5 cxd5 4. Bd3 Nc6 5. c3 Qc7 6. Ne2 Bg4 7. Bf4 Qxf4 8.
Nxf4 Bxd1 9. Kxd1 e6 10. Re1 Nf6 11. Bb5 Bd6 12. Nd3 g5 13. Nd2 Ke7 14. Bxc6
bxc6 15. Nf3 Rac8 16. Nfe5 Ne8 17. Nb4 Bxb4 18. cxb4 f6 19. Nd3 Nc7 20. Nc5 Rb8
21. a3 Kd6 22. Kc2 e5 23. dxe5+ fxe5 24. Rad1 Ne6 25. Nxe6 Kxe6 26. Re3 Rhf8 27.
f3 Kd6 28. Rc3 h5 29. h3 Rf4 30. Kd2 Rd4+ 31. Ke2 Rxd1 32. Kxd1 a5 33. Rb3 axb4
34. axb4 d4 35. g4 hxg4 36. hxg4 Kd5 37. Kc2 e4 38. fxe4+ Kxe4 39. Ra3 Rxb4 40.
Ra6 Rc4+ 41. Kd2 d3 42. b3 Rc2+ 43. Kd1 Ke3 44. Ra8 Rg2 45. Re8+ 0-1

[Event "2nd Porticcio Open 2015"]
[Site "Grosseto-Prugna FRA"]
[Date "2015.06.28"]
[Round "3.7"]
[White "Sethuraman, S.P."]
[Black "Maloberti, David"]
[Result "1-0"]
[WhiteTitle "GM"]
[WhiteElo "2623"]
[BlackElo "2069"]
[WhiteFideId "5021596"]
[BlackFideId "620149"]
[EventDate "2015.06.27"]

1. d4 Nf6 2. c4 g6 3. f3 Bg7 4. e4 d6 5. Ne2 e5 6. Nbc3 Nc6 7. d5 Ne7 8. Be3 O-O
9. Qd2 Ne8 10. g4 f5 11. h3 fxe4 12. fxe4 c5 13. Ng3 a6 14. Be2 Bd7 15. O-O-O
Nc7 16. h4 b5 17. Rdg1 bxc4 18. h5 Nb5 19. hxg6 Nxg6 20. Nf5 Rf7 21. Bxc4 Be8
22. Qh2 Nf8 23. g5 Rb7 24. g6 Raa7 25. gxh7+ Kh8 26. Bg5 Qa5 27. Bf6 Nxc3 28.
Nxg7 1-0

[Event "2nd Porticcio Open 2015"]
[Site "Grosseto-Prugna FRA"]
[Date "2015.06.28"]
[Round "3.8"]
[White "Geronimi, Pierre-Francois"]
[Black "Iordachescu, Viorel"]
[Result "0-1"]
[BlackTitle "GM"]
[WhiteElo "2019"]
[BlackElo "2588"]
[WhiteFideId "655686"]
[BlackFideId "13900200"]
[EventDate "2015.06.27"]

1. e4 g6 2. d4 Bg7 3. Bc4 d6 4. Nc3 Nf6 5. Qe2 Nc6 6. e5 Ng4 7. e6 f5 8. d5 Nd4
9. Qd3 c5 10. f4 O-O 11. h3 Nf6 12. Nf3 a6 13. a4 b6 14. g4 Bb7 15. gxf5 b5 16.
axb5 axb5 17. Rxa8 Qxa8 18. Nxb5 Nxf3+ 19. Qxf3 Nxd5 20. Nxd6 exd6 21. e7 Re8
22. fxg6 Rxe7+ 23. Kf2 Kh8 0-1

[Event "2nd Porticcio Open 2015"]
[Site "Grosseto-Prugna FRA"]
[Date "2015.06.29"]
[Round "4.3"]
[White "Areshchenko, Alexander"]
[Black "Socko, Monika"]
[Result "1-0"]
[WhiteTitle "GM"]
[BlackTitle "GM"]
[WhiteElo "2656"]
[BlackElo "2472"]
[WhiteFideId "14109530"]
[BlackFideId "1106619"]
[EventDate "2015.06.27"]

1. e4 c6 2. d4 d5 3. e5 Bf5 4. Nf3 e6 5. Be2 Nd7 6. O-O Ne7 7. Nbd2 h6 8. Nb3 g5
9. Bd2 Qc7 10. a4 O-O-O 11. Ba5 b6 12. Bd2 Ng6 13. a5 b5 14. Ne1 g4 15. Bxg4
Bxg4 16. Qxg4 Be7 17. Nd3 h5 18. Qh3 Rdg8 19. Kh1 Nh4 20. Bb4 Qd8 21. a6 Nxg2
22. Na5 Nb8 23. Nb7 Qf8 24. Bxe7 Qxe7 25. Nd6+ Kc7 26. Rg1 Nh4 27. Nf4 Ng6 28.
Nxg6 Rxg6 29. Qa3 Kd8 30. Qa5+ Kd7 31. Rxg6 fxg6 32. Nxb5 Qd8 33. Qxd8+ Rxd8 34.
Nxa7 Rf8 35. Kg2 g5 36. Nc8 Rxc8 37. a7 Na6 38. Rxa6 Ra8 39. f3 Kc7 40. h4 Kb7
41. Ra3 gxh4 42. Kh3 Kb6 43. Kxh4 c5 44. c3 cxd4 45. cxd4 Kb5 46. Kxh5 Kc4 47.
Kg6 Kxd4 48. Kf6 Kc4 49. Rc3+ Kd4 50. Rc7 Ke3 51. b4 d4 52. b5 1-0

[Event "2nd Porticcio Open 2015"]
[Site "Grosseto-Prugna FRA"]
[Date "2015.06.29"]
[Round "4.5"]
[White "Socko, Bartosz"]
[Black "Terrieux, Kevin"]
[Result "1/2-1/2"]
[WhiteTitle "GM"]
[BlackTitle "IM"]
[WhiteElo "2624"]
[BlackElo "2440"]
[WhiteFideId "1107038"]
[BlackFideId "622591"]
[EventDate "2015.06.27"]

1. e4 c5 2. Nf3 e6 3. d4 cxd4 4. Nxd4 Nf6 5. Nc3 Nc6 6. Ndb5 Bc5 7. Nd6+ Ke7 8.
Nxc8+ Rxc8 9. Bd3 d5 10. exd5 Nxd5 11. Ne4 Ne5 12. Nxc5 Rxc5 13. Be4 Nf6 14. Bg5
Nc4 15. Bxf6+ gxf6 16. O-O Nd2 17. Re1 Nxe4 18. Rxe4 Qxd1+ 19. Rxd1 Rxc2 20. Rb4
Rb8 21. g3 b6 22. Rd3 Rd8 23. Ra3 Rd7 24. Ra6 f5 25. Rba4 Rdd2 26. Rxa7+ Kf6 27.
Rf4 Rxb2 28. Ra6 Rd3 29. Raa4 Rd1+ 30. Kg2 Ra1 31. a3 Rb3 32. Rf3 b5 33. Ra5
Rbb1 34. Kh3 b4 35. axb4 Rxa5 36. bxa5 Ra1 37. Rb3 Rxa5 38. Rb7 Ra2 39. Kg2 Rc2
40. Ra7 Rd2 41. Rb7 Rc2 42. Ra7 Rd2 43. Rb7 Rc2 1/2-1/2

[Event "2nd Porticcio Open 2015"]
[Site "Grosseto-Prugna FRA"]
[Date "2015.06.29"]
[Round "4.6"]
[White "Battaglini, Gabriel"]
[Black "Sethuraman, S.P."]
[Result "0-1"]
[WhiteTitle "IM"]
[BlackTitle "GM"]
[WhiteElo "2456"]
[BlackElo "2623"]
[WhiteFideId "621650"]
[BlackFideId "5021596"]
[EventDate "2015.06.27"]

1. d4 e6 2. c4 b6 3. e4 Bb7 4. Nc3 Bb4 5. d5 exd5 6. exd5 Nf6 7. Bd3 c6 8. Qe2+
Qe7 9. Qxe7+ Bxe7 10. dxc6 Nxc6 11. Nf3 Nb4 12. Bb1 Rc8 13. a3 Nc6 14. O-O Na5
15. Re1 Nb3 16. Ra2 O-O 17. Rxe7 Nxc1 18. Ra1 Nb3 19. Ra2 Ba6 20. Bc2 Bxc4 21.
Bxb3 Bxb3 22. Ra1 Be6 23. Nd4 Rfd8 24. Ndb5 a6 25. Nd6 Rc6 0-1

[Event "2nd Porticcio Open 2015"]
[Site "Grosseto-Prugna FRA"]
[Date "2015.06.29"]
[Round "4.7"]
[White "Piscopo, Pierluigi"]
[Black "Laznicka, Viktor"]
[Result "1/2-1/2"]
[WhiteTitle "IM"]
[BlackTitle "GM"]
[WhiteElo "2422"]
[BlackElo "2657"]
[WhiteFideId "809152"]
[BlackFideId "316385"]
[EventDate "2015.06.27"]

1. e4 d5 2. exd5 Qxd5 3. Nc3 Qa5 4. Nf3 Nf6 5. Be2 c6 6. O-O g6 7. Re1 Bg7 8.
Bc4 Bg4 9. h3 Bxf3 10. Qxf3 e6 11. d3 O-O 12. Bd2 Qb6 13. Nd1 Nd5 14. c3 Nd7 15.
Bb3 a5 16. Rb1 a4 17. Bc2 Qa6 18. Ne3 a3 19. Nxd5 cxd5 20. b4 Rfc8 21. d4 Qd6
22. Bd3 e5 23. Qg3 Qc7 24. dxe5 Bxe5 25. Qf3 Nb6 26. Rbc1 Bg7 27. Bb5 Qd6 28.
Be3 d4 29. Bxd4 Bxd4 30. Rcd1 Rxc3 31. Qxc3 Bxc3 32. Rxd6 Bxe1 33. Rxb6 Rc8 34.
Ba4 Rc1 35. Rxb7 Bxb4+ 36. Kh2 Rb1 37. f4 Rb2 38. Bb3 Bd6 39. Kg3 g5 40. Kf3
gxf4 41. Bxf7+ Kh8 42. Bd5 Rxb7 43. Bxb7 1/2-1/2

[Event "2nd Porticcio Open 2015"]
[Site "Grosseto-Prugna FRA"]
[Date "2015.06.29"]
[Round "4.8"]
[White "Calistri, Tristan"]
[Black "Massoni, Michael"]
[Result "1/2-1/2"]
[WhiteTitle "IM"]
[BlackTitle "IM"]
[WhiteElo "2312"]
[BlackElo "2360"]
[WhiteFideId "607843"]
[BlackFideId "654213"]
[EventDate "2015.06.27"]

1. e4 c5 2. Nf3 e6 3. Nc3 Nc6 4. d4 cxd4 5. Nxd4 Qc7 6. Be3 a6 7. Bd3 Nf6 8. O-O
Bd6 9. h3 Bf4 10. Bxf4 Qxf4 11. Nxc6 dxc6 12. Qe2 e5 13. Na4 Qg5 14. Nb6 Rb8 15.
Nxc8 Rxc8 16. g3 h5 17. h4 Qg4 18. Qxg4 hxg4 19. Kg2 Ke7 20. Rad1 Rcd8 21. c3 b5
22. Bc2 a5 23. f3 gxf3+ 24. Kxf3 Nd7 25. Ke3 Nb6 26. b3 f6 27. Rxd8 Rxd8 28. Rd1
Ra8 29. Bd3 Nc8 30. Be2 Nd6 31. Bd3 Kd7 32. c4 Kc7 33. cxb5 cxb5 34. Rc1+ Kb6
35. a3 Nb7 36. a4 b4 37. Bc4 Rd8 38. Bd5 Nc5 39. g4 Rc8 40. h5 Rc7 41. Rc2 Rc8
42. Rc1 Rc7 43. Rc2 Rc8 44. Rc1 1/2-1/2

[Event "2nd Porticcio Open 2015"]
[Site "Grosseto-Prugna FRA"]
[Date "2015.06.30"]
[Round "5.1"]
[White "Sethuraman, S.P."]
[Black "Areshchenko, Alexander"]
[Result "1-0"]
[WhiteTitle "GM"]
[BlackTitle "GM"]
[WhiteElo "2623"]
[BlackElo "2656"]
[WhiteFideId "5021596"]
[BlackFideId "14109530"]
[EventDate "2015.06.27"]

1. e4 c5 2. Nf3 d6 3. d4 cxd4 4. Nxd4 Nf6 5. Nc3 a6 6. h3 e6 7. g4 h6 8. Bg2 Be7
9. Be3 Nc6 10. f4 Nd7 11. O-O O-O 12. Nf3 b5 13. h4 b4 14. Na4 Nc5 15. Nxc5 dxc5
16. Qe1 a5 17. g5 Ba6 18. Rf2 h5 19. Rd2 Qc7 20. g6 fxg6 21. Qg3 Nd4 22. Re1
Nxf3+ 23. Bxf3 e5 24. Qxg6 Bxh4 25. Red1 exf4 26. Bf2 Bxf2+ 27. Kxf2 Bc4 28. e5
Qxe5 29. Be4 Rfe8 30. Rd7 Kf8 31. Bxa8 Be6 32. Be4 f3 33. Kf1 Bh3+ 34. Kg1 f2+
35. Kxf2 Qf4+ 36. Kg1 Qe3+ 37. Kh2 Bxd7 38. Rf1+ 1-0

[Event "2nd Porticcio Open 2015"]
[Site "Grosseto-Prugna FRA"]
[Date "2015.06.30"]
[Round "5.4"]
[White "Fedorchuk, Sergey A."]
[Black "Iordachescu, Viorel"]
[Result "1/2-1/2"]
[WhiteTitle "GM"]
[BlackTitle "GM"]
[WhiteElo "2647"]
[BlackElo "2588"]
[WhiteFideId "14102536"]
[BlackFideId "13900200"]
[EventDate "2015.06.27"]

1. e4 c6 2. Nc3 d5 3. d4 dxe4 4. Nxe4 Bf5 5. Ng3 Bg6 6. Nh3 e6 7. Nf4 Bd6 8. c3
Nf6 9. h4 Bxf4 10. Bxf4 h6 11. h5 Bh7 12. Qb3 Nd5 13. Bd2 Qc7 1/2-1/2

[Event "2nd Porticcio Open 2015"]
[Site "Grosseto-Prugna FRA"]
[Date "2015.06.30"]
[Round "5.5"]
[White "David, Alberto"]
[Black "Socko, Bartosz"]
[Result "1/2-1/2"]
[WhiteTitle "GM"]
[BlackTitle "GM"]
[WhiteElo "2571"]
[BlackElo "2624"]
[WhiteFideId "4000013"]
[BlackFideId "1107038"]
[EventDate "2015.06.27"]

1. e4 e5 2. Nf3 Nc6 3. Bb5 a6 4. Ba4 Nf6 5. O-O Be7 6. Re1 b5 7. Bb3 d6 8. c3
O-O 9. h3 Nb8 10. d4 Nbd7 11. Nbd2 Bb7 12. Bc2 Re8 13. Nf1 Bf8 14. Ng3 g6 15.
Bg5 Bg7 16. Qd2 Qe7 17. a4 Qf8 18. Bd3 c6 19. b3 h6 20. Be3 Rad8 21. axb5 exd4
22. cxd4 cxb5 23. Qc2 Rc8 24. Qb1 Qe7 25. Bd2 Nf8 26. Ra2 Ne6 27. Qd1 Qd7 28.
Bb1 Qc6 29. Bd3 Qd7 30. Bb1 Qc6 31. Bd3 Qd7 32. Bb1 Qc6 1/2-1/2

[Event "2nd Porticcio Open 2015"]
[Site "Grosseto-Prugna FRA"]
[Date "2015.06.30"]
[Round "5.6"]
[White "Laznicka, Viktor"]
[Black "Tomasi, Albert"]
[Result "1-0"]
[WhiteTitle "GM"]
[WhiteElo "2657"]
[BlackElo "1972"]
[WhiteFideId "316385"]
[BlackFideId "26063620"]
[EventDate "2015.06.27"]

1. d4 Nf6 2. Bg5 Ne4 3. Bf4 c5 4. f3 Qa5+ 5. c3 Nf6 6. d5 d6 7. e4 g6 8. Qd2 Bg7
9. Bh6 O-O 10. h4 e6 11. Bxg7 Kxg7 12. c4 Qxd2+ 13. Kxd2 exd5 14. exd5 Nh5 15.
Nc3 Ng3 16. Rh2 a6 17. Nge2 Nxe2 18. Bxe2 f5 19. g4 h6 20. Rg1 Kf7 21. h5 g5 22.
f4 Nd7 23. fxg5 Ne5 24. gxf5 Bxf5 25. Rf2 Kg7 26. gxh6+ Kxh6 27. Rgf1 Kg5 28.
Rxf5+ 1-0